Ghadr party's: Lahore conspiracy case/ (Record no. 152258)
[ view plain ]
| 000 -LEADER | |
|---|---|
| fixed length control field | 00674nam a22002297a 4500 |
| 003 - CONTROL NUMBER IDENTIFIER | |
| control field | dpl |
| 005 - DATE AND TIME OF LATEST TRANSACTION | |
| control field | 20180524163324.0 |
| 008 - FIXED-LENGTH DATA ELEMENTS--GENERAL INFORMATION | |
| fixed length control field | 080820t xxu||||| |||| 00| 0 eng d |
| 010 ## - LIBRARY OF CONGRESS CONTROL NUMBER | |
| LC control number | B-230979 |
| 020 ## - INTERNATIONAL STANDARD BOOK NUMBER | |
| Terms of availability | 750.00 |
| 035 ## - SYSTEM CONTROL NUMBER | |
| System control number | B-230979 |
| 037 ## - SOURCE OF ACQUISITION | |
| Source of stock number/acquisition | BPPD/PUB |
| 040 ## - CATALOGING SOURCE | |
| Transcribing agency | 0 |
| 082 ## - DEWEY DECIMAL CLASSIFICATION NUMBER | |
| Classification number | 954.11 |
| 100 ## - MAIN ENTRY--PERSONAL NAME | |
| Personal name | Irvine, A. A |
| 245 ## - TITLE STATEMENT | |
| Title | Ghadr party's: Lahore conspiracy case/ |
| Statement of responsibility, etc | by A. A. Irvine |
| Remainder of title | 1915 Judgment |
| 260 ## - PUBLICATION, DISTRIBUTION, ETC. (IMPRINT) | |
| Place of publication, distribution, etc | Meerut |
| Name of publisher, distributor, etc | Archana Publications |
| Date of publication, distribution, etc | 2006 |
| 270 ## - ADDRESS | |
| Address | 286, Chanakya Puri, Sadar |
| City | Meerut |
| Postal code | 250001 |
| 300 ## - PHYSICAL DESCRIPTION | |
| Extent | xv, 560p. |
| Dimensions | 20cm. (Hb) |
| 650 ## - SUBJECT ADDED ENTRY--TOPICAL TERM | |
| Topical term or geographic name as entry element | History |
| Geographic subdivision | Kashmir |
| 942 ## - ADDED ENTRY ELEMENTS (KOHA) | |
| Institution code [OBSOLETE] | dpl |
| Koha item type | English Books |
| Call number prefix | 954.0841 / IRV |
| Source of classification or shelving scheme | Dewey Decimal Classification |
| Classification part | 954. 0841 |
| Call number suffix | IRV |
| Withdrawn status | Lost status | Source of classification or shelving scheme | Damaged status | Not for loan | Collection code | Home library | Current library | Date acquired | Source of acquisition | Cost, normal purchase price | Total Checkouts | Full call number | Barcode | Date last seen | Cost, replacement price | Price effective from | Koha item type |
|---|---|---|---|---|---|---|---|---|---|---|---|---|---|---|---|---|---|
| Dewey Decimal Classification | Non-fiction | Shahdara Branch | Shahdara Branch | 24/05/2018 | BPPD/PUB | 750.00 | 954. 0841 IRV | B-230979 | 24/05/2018 | 750.00 | 24/05/2018 | English Books |
